| 000 | 00461 a2200169 4500 | ||
|---|---|---|---|
| 003 | OSt | ||
| 005 | 20231229100301.0 | ||
| 008 | 231229b |||||||| |||| 00| 0 eng d | ||
| 020 | _a9789352295364 | ||
| 040 | _coclc | ||
| 082 |
_a891.431 _bKAM/S |
||
| 100 |
_aKamal, Arun _910153 |
||
| 245 |
_aSABOOT / _cArun Kamal |
||
| 260 |
_aNew Delhi: _bVani Prakashan, _c2021. |
||
| 300 | _a87p | ||
| 942 |
_2ddc _cBK _h891.431 _iKAM/S _k891.431 _mKAM/S |
||
| 999 |
_c43603 _d43603 |
||